| 000 | 01073nam a22003017a 4500 | ||
|---|---|---|---|
| 005 | 20120502110419.0 | ||
| 008 | 120502t xxu||||| |||| 00| 0 eng d | ||
| 010 | _aENG-105172 | ||
| 020 |
_a9788182093126 _c300.00 |
||
| 020 |
_a8182093120 _c300.00 |
||
| 035 | _aEN-88705 | ||
| 037 | _bDBAD/PUB | ||
| 040 |
_adpl _bEng |
||
| 082 | _a004.22 | ||
| 100 |
_aParthasarathy, K.A. _912973 |
||
| 245 |
_aAdvanced computer architecture / _cby K.A. Parthasarathy |
||
| 250 | _a3rd ed | ||
| 260 |
_aNoida _bVijay Nicole Imprints in collaboration with Tata McGraw Hill _c2012 |
||
| 270 |
_aB-4, Sector-63, Dist. Gautam Budh Nagar _bNoida _e201301 |
||
| 300 |
_axvi,374p. _c24cm(pbk) |
||
| 500 | _aIncludes index | ||
| 650 |
_926073 _aComputer architecture |
||
| 650 |
_aHigh performance computing _946167 |
||
| 650 |
_aParallel computers _946168 |
||
| 700 | _926036 | ||
| 942 |
_2ddc _cEN _mPAR _h004.22 |
||
| 999 |
_c65950 _d65950 |
||